| 000 | 00525cam a22001337a 4500 | ||
|---|---|---|---|
| 008 | 180718b1993 xxu||||| |||| 00| 0 eng d | ||
| 020 | _a8190036904 | ||
| 082 | _aZ42x5442 V449 | ||
| 100 | _aVaswani, Kalpana | ||
| 245 |
_aLaw of rehabilitation of project affected persons in Maharashtra: the Maharashtra project affected persons rehabilitation act, 1986 _cby Kalpana Vaswani |
||
| 260 |
_aNew Delhi _bMultiple Action Research Group _c1993 |
||
| 300 | _a62p. | ||
| 650 | _aRehabilitaion - Law and legislation - India - Maharastra | ||
| 999 |
_c376689 _d376689 |
||